[Event "Chile x Brasil =)"]
[Site "http://www.queenalice.com/game.php?id=818841"]
[Date "2010.8.15"]
[Round "-"]
[White "Pabl"]
[Black "Branca"]
[Result "1-0"]
[WhiteElo "1340"]
[BlackElo "1330"]

1. e4 g6 2. Nc3 Bg7 3. Bc4 e6 4. Nf3 Nf6 5. e5 d5 6. exf6 Qxf6 7. Bb3 d4 8. Nb5
c6 9. Nc7+ Kd8 10. Nxa8 h5 11. c3 c5 12. cxd4 cxd4 13. O-O Rf8 14. Qe2 Bd7 15.
Qe4 Nc6 16. Ba4 g5 17. d3 g4 18. Bg5 Re8 19. Bxf6+ Bxf6 20. Qg6 fxg6 21. Ng5
Bxg5 22. f3 Ne5 23. f4 Bf6 24. fxe5 Bxe5 25. Bxd7 Kxd7 26. Rfe1 Bd6 27. Nb6+
axb6 28. h3 e5 29. hxg4 hxg4 30. Rac1 e4 31. dxe4 d3 32. Rcd1 Bc5+ 33. Re3 Bxe3+
34. Kf1 Rf8+ 35. Ke1 Ke8 36. Rxd3 1-0

[Event "Challenge"]
[Site "http://www.queenalice.com/game.php?id=818869"]
[Date "2010.8.16"]
[Round "-"]
[White "Branca"]
[Black "Capixaba789"]
[Result "0-1"]
[WhiteElo "1334"]
[BlackElo "1779"]

1. Nf3 d5 2. e3 Nc6 3. Be2 e6 4. c4 Nf6 5. cxd5 Nxd5 6. e4 Nf4 7. Bc4 Nxg2+ 8.
Ke2 Nf4+ 9. Ke1 Ng6 10. Nc3 Be7 11. h4 Bd7 12. h5 Nge5 13. Be2 Nxf3+ 14. Bxf3
Ne5 15. d3 Bc6 16. h6 g6 17. d4 Nxf3+ 18. Qxf3 Qd7 19. d5 Bb5 20. a4 Ba6 21. Be3
Bb4 22. Bd4 Rg8 23. Rh4 Bxc3+ 24. Bxc3 f5 25. Be5 O-O-O 26. Qc3 fxe4 27. dxe6
Qe7 28. Rc1 Kb8 29. Bxc7+ Ka8 30. Bg3 Bd3 31. b4 Qxe6 32. Qb2 Qf5 33. b5 Qf3 34.
Kd2 Qe2+ 35. Kc3 Qf3 36. Rf4 Qh5 37. Kb3 Qxh6 38. Rh4 Qg5 39. f4 Qxg3 40. Rxh7
Bxb5+ 41. Kb4 Ba6 42. Qe5 Qd3 43. Rg1 Qc4+ 44. Ka3 Rd3+ 45. Kb2 Qb4+ 46. Kc1
Qa3+ 47. Qb2 Rc3+ 48. Kb1 Bd3+ 49. Qc2 Bxc2# 0-1

[Event "Challenge"]
[Site "http://www.queenalice.com/game.php?id=818882"]
[Date "2010.8.16"]
[Round "-"]
[White "Branca"]
[Black "filipewao"]
[Result "0-1"]
[WhiteElo "1316"]
[BlackElo "1646"]

1. Nf3 Nc6 2. e3 e5 3. Bd3 Bc5 4. O-O d6 5. a3 Bg4 6. b4 d5 7. h3 Bxh3 8. Nxe5
Bxg2 9. Kxg2 Nxe5 10. Bb5+ c6 11. f4 Ng6 12. bxc5 cxb5 13. Nc3 a6 14. e4 Qh4 15.
exd5 Nxf4+ 16. Rxf4 Qxf4 17. Qe2+ Ne7 18. c6 bxc6 19. dxc6 O-O 20. Bb2 Nxc6 21.
Nd5 Qg5+ 22. Kf1 Qxd5 23. Qg4 f6 24. Kf2 Qxd2+ 25. Kf3 Qxc2 26. Rg1 g6 27. Qe6+
Rf7 28. Re1 Rc8 29. Qxc8+ Kg7 30. Qxa6 Re7 31. Rxe7+ Nxe7 32. Qxb5 Nf5 33. Qd7+
Kh6 34. Bxf6 Nh4+ 35. Kg4 Qe4+ 36. Kh3 g5 37. Qg4 Qe3+ 38. Qg3 Qe6+ 39. Kh2 Qxf6
40. a4 Kg6 41. a5 Nf5 42. Qa3 Qa6 43. Kh3 h5 44. Qc5 Qd6 45. Qc3 g4+ 46. Kg2
Qd5+ 47. Kf1 g3 48. a6 Qb5+ 49. Kg2 Qxa6 50. Qh8 Kg5 51. Qg8+ Kf4 52. Qb8+ Qd6
53. Qb1 h4 54. Qf1+ Kg4 55. Qf3+ Kg5 56. Kh3 Qd4 57. Qc6 Qg1 58. Qg2 Qxg2+ 59.
Kxg2 Kg4 0-1

[Event "Xadrez!!!"]
[Site "http://www.queenalice.com/game.php?id=819212"]
[Date "2010.8.16"]
[Round "-"]
[White "vinoseco"]
[Black "Branca"]
[Result "0-1"]
[WhiteElo "1296"]
[BlackElo "1319"]

1. Nf3 d5 2. e3 Bd7 3. Nc3 Nf6 4. d4 g6 5. Ng5 Bg4 6. f3 h6 7. Nh3 Be6 8. Bb5+
c6 9. Ba4 Qc8 10. O-O Bd7 11. f4 Bg4 12. Qe1 Bf5 13. b3 Nbd7 14. Ba3 b5 15. Bxb5
cxb5 16. Nxb5 Bxc2 17. Rc1 a6 18. Qe2 axb5 19. Rxc2 Qb7 20. Rfc1 e6 21. Rc7 Qa6
22. Bc5 Nb6 23. Bxb6 Qxb6 24. R1c6 Qa5 25. Qd1 Qxa2 26. Qc1 Ng4 27. Rc8+ Rxc8
28. Rxc8+ Ke7 29. Qc7+ Kf6 30. Qd8+ Kg7 31. Kf1 Nxh2+ 32. Ke1 h5 33. Ng5 b4 34.
Rc7 Qa1+ 35. Kf2 Ng4+ 36. Ke2 Qb2+ 37. Ke1 Qf2+ 38. Kd1 Nxe3+ 39. Kc1 Qxf4 40.
Nxf7 Rg8 41. Ne5+ Kh6 42. Rf7 Qxd4 43. Qc7 Bg7 44. Nf3 Qd1# 0-1

[Event "Challenge"]
[Site "http://www.queenalice.com/game.php?id=819754"]
[Date "2010.8.17"]
[Round "-"]
[White "PLQ"]
[Black "Branca"]
[Result "1-0"]
[WhiteElo "1353"]
[BlackElo "1314"]

1. e4 c6 2. d4 Nf6 3. Nc3 d5 4. exd5 cxd5 5. Bd3 Qd6 6. Bg5 e5 7. Bb5+ Bd7 8.
Bxd7+ Nbxd7 9. Nf3 e4 10. Ne5 Nxe5 11. dxe5 Qxe5 12. Be3 Ng4 13. Qxg4 Be7 14.
Rd1 Rd8 15. Rd4 f5 16. Qf4 Qc7 17. Qxc7 Rf8 18. f4 Bd6 19. Nxd5 Bxc7 20. Nxc7+
Ke7 21. Rxd8 Rxd8 22. O-O h6 23. Bc5+ Kd7 24. Nb5 Rc8 25. Bd4 a6 26. Na3 g5 27.
fxg5 hxg5 28. Rxf5 g4 29. Rf7+ Kc6 30. b4 Re8 31. Rf6+ Kc7 32. Be3 Rh8 33. Rh6
Rd8 34. Bb6+ Kc8 35. Bxd8 e3 36. Kf1 Kxd8 37. Ke2 1-0

[Event "Again!!!"]
[Site "http://www.queenalice.com/game.php?id=819769"]
[Date "2010.8.18"]
[Round "-"]
[White "Diego_chapeco"]
[Black "Branca"]
[Result "1-0"]
[WhiteElo "1486"]
[BlackElo "1332"]

1. e4 e6 2. d4 Nf6 3. e5 Nd5 4. Bc4 f6 5. Nf3 c5 6. c3 g5 7. Bxd5 cxd4 8. Be4 f5
9. Bxg5 Be7 10. Bh6 dxc3 11. Nxc3 fxe4 12. Nxe4 b6 13. Nfg5 Rg8 14. Qh5+ Rg6 15.
Nxh7 Kf7 16. Bg5 Qg8 17. Rc1 Bb7 18. Nd6+ Kg7 19. Bxe7 Rxg2 20. Ne8+ Kh8 21.
Nhf6+ Qh7 22. Qxh7# 1-0

[Event "Challenge"]
[Site "http://www.queenalice.com/game.php?id=820103"]
[Date "2010.8.18"]
[Round "-"]
[White "rickster"]
[Black "Branca"]
[Result "1-0"]
[WhiteElo "1317"]
[BlackElo "1323"]

1. e4 e6 2. Nc3 d5 3. Bb5+ c6 4. Ba4 g6 5. d3 Nf6 6. Bg5 Bg7 7. Nf3 d4 8. Ne2
O-O 9. Nexd4 h6 10. Bf4 Na6 11. c3 c5 12. Nc2 g5 13. Be5 Qb6 14. h3 g4 15. hxg4
Nxg4 16. Bf4 e5 17. Nxe5 Bxe5 18. Qxg4+ Bxg4 19. Rxh6 Qc7 20. Rh4 Be6 21. Rh5
Bxf4 22. g3 c4 23. gxf4 cxd3 24. Rg5+ Kh8 25. f5 Bd5 26. exd5 dxc2 27. Bxc2 Nc5
28. O-O-O Qf4+ 29. Kb1 Qxg5 30. Rh1+ Kg8 31. b4 Nd7 32. Rh3 Rfe8 33. Rg3 Re1+
34. Kb2 a5 35. Rxg5+ Kf8 36. Ba4 Nb6 37. Bb5 f6 38. Rh5 Nc4+ 39. Bxc4 axb4 40.
Rh8+ Ke7 41. Rxa8 Re4 42. Bd3 Rf4 43. Bb5 Rxf2+ 44. Kb3 bxc3 45. Kxc3 Rxf5 46.
Re8+ Kd6 47. Rd8+ Kc5 48. Bd3 1-0

[Event "Challenge"]
[Site "http://www.queenalice.com/game.php?id=820545"]
[Date "2010.8.19"]
[Round "-"]
[White "Laramsm"]
[Black "Branca"]
[Result "1-0"]
[WhiteElo "1173"]
[BlackElo "1295"]

1. d4 e6 2. c3 Nf6 3. e3 Bd6 4. Nh3 O-O 5. Bd3 e5 6. Ng5 exd4 7. exd4 Qe7+ 8.
Be3 h6 9. Nh3 Nd5 10. Bc4 Nxe3 11. fxe3 Qh4+ 12. Nf2 Bxh2 13. g3 Qxg3 14. Nd2 d6
15. Bd3 Bg1 16. Ne4 Qg6 17. Nh3 Bxe3 18. Qf3 d5 19. Nc5 Re8 20. Kf1 b6 21. Bxg6
Bxd4 22. Qxf7+ Kh8 23. Qxe8# 1-0

[Event "Revanche"]
[Site "http://www.queenalice.com/game.php?id=821148"]
[Date "2010.8.21"]
[Round "-"]
[White "Branca"]
[Black "Camy"]
[Result "1-0"]
[WhiteElo "1311"]
[BlackElo "1478"]

1. f4 Nc6 2. g3 e5 3. Nf3 f6 4. Bg2 d6 5. O-O d5 6. fxe5 Nxe5 7. Qe1 Bc5+ 8. d4
Nxf3+ 9. exf3+ Be7 10. Nc3 Be6 11. h4 Nh6 12. Qxe6 Qd6 13. Qh3 O-O 14. Nb5 Qb6
15. a4 a6 16. Nc3 Qxd4+ 17. Kh1 Rfe8 18. f4 Bd6 19. Nxd5 c6 20. Ne3 a5 21. c3
Qc5 22. g4 Rad8 23. g5 fxg5 24. hxg5 Nf7 25. Be4 Rxe4 26. Nf5 Qd5 27. Ne3 Bxf4
28. Nxd5 cxd5 29. Bxf4 g6 30. Rab1 Rxa4 31. b3 Re4 32. Bc1 Rde8 33. b4 b6 34.
bxa5 bxa5 35. Ba3 Nxg5 36. Qh6 Nf7 37. Rxf7 Kxf7 38. Qxh7+ Kf6 39. Rb6+ Kf5 40.
Qxg6+ Kf4 41. Bc1+ Kf3 42. Qg1 Rh8+ 43. Rh6 Rh4+ 44. Qh2 a4 45. Rxh4 Rxh4 46.
Qxh4 Ke2 47. c4 dxc4 48. Qxc4+ Kf3 49. Qf4+ Ke2 50. Kg1 Kd1 51. Qd2# 1-0

[Event "Challenge"]
[Site "http://www.queenalice.com/game.php?id=821556"]
[Date "2010.8.22"]
[Round "-"]
[White "Mannu"]
[Black "Branca"]
[Result "1-0"]
[WhiteElo "2101"]
[BlackElo "1332"]

1. e4 g5 2. b3 Nf6 3. Bb2 Bg7 4. Nc3 O-O 5. e5 Ng4 6. h4 Nxe5 7. hxg5 d5 8. d4
Nec6 9. Bd3 f5 10. gxf6 exf6 11. Bxh7+ Kf7 12. Qh5+ Ke7 13. Ba3+ Kd7 14. Bf5#
1-0

[Event "Challenge"]
[Site "http://www.queenalice.com/game.php?id=821853"]
[Date "2010.8.23"]
[Round "-"]
[White "Branca"]
[Black "jope"]
[Result "0-1"]
[WhiteElo "1325"]
[BlackElo "1682"]

1. d4 d5 2. Nc3 Nc6 3. g3 e6 4. Bg2 g6 5. h4 Nf6 6. Bf4 Bg7 7. Qd2 O-O 8. Bh6
Bxh6 9. Qxh6 Nxd4 10. Rc1 c5 11. Na4 Qa5+ 12. c3 Nf5 13. Qf4 Re8 14. Nf3 d4 15.
e4 Nh5 16. Qg5 Qxa4 17. exf5 exf5+ 18. Kf1 dxc3 19. bxc3 Qxa2 20. Re1 Qc4+ 21.
Kg1 Qxc3 22. Rxe8+ Kg7 0-1

[Event "Challenge"]
[Site "http://www.queenalice.com/game.php?id=822130"]
[Date "2010.8.23"]
[Round "-"]
[White "ajr"]
[Black "Branca"]
[Result "1-0"]
[WhiteElo "1564"]
[BlackElo "1300"]

1. d4 e6 2. c4 Be7 3. e4 f5 4. e5 d6 5. Nf3 dxe5 6. dxe5 a6 7. Qxd8+ Kxd8 8. Bg5
b5 9. Bxe7+ Nxe7 10. cxb5 axb5 11. Bxb5 Ra5 12. Nc3 Rg8 13. O-O-O+ Nd7 14. Bxd7
Bxd7 15. Nd4 c5 16. Nxe6+ Ke8 17. Ng5 Rf8 18. Rhe1 Nc6 19. e6 Bc8 20. Nxh7 Rh8
21. Rd6 Nb4 22. a3 Na6 23. Ng5 Rxh2 24. Nf7 Bb7 25. Rd8+ Ke7 26. Rd7+ Kf6 27.
Rxb7 Rxg2 28. Nd5+ Kg6 29. Nf4+ Kh7 30. e7 Rxf2 31. e8=Q Rxf4 32. Rh1+ Kg6 33.
Rb6# 1-0

[Event "vamos jogar?"]
[Site "http://www.queenalice.com/game.php?id=822971"]
[Date "2010.8.25"]
[Round "-"]
[White "carlos31"]
[Black "Branca"]
[Result "1-0"]
[WhiteElo "1789"]
[BlackElo "1313"]

1. d4 Nc6 2. Nf3 g6 3. e4 Nf6 4. Bd3 Bg7 5. O-O O-O 6. Re1 d5 7. e5 Nd7 8. Nc3
f6 9. e6 Nb6 10. Bb5 a6 11. Bxc6 Rb8 12. Ba4 Qd6 13. Bb3 Bxe6 14. Qe2 Bf5 15.
Qxe7 g5 16. Qxd6 cxd6 17. Re7 g4 18. Nh4 Rfe8 19. Nxf5 Bf8 20. Rxe8 Rxe8 21. Bf4
Nc8 22. Bxd5+ Kh8 23. Bxb7 Ne7 24. Nxe7 Bxe7 25. Bxa6 Rb8 26. b3 Rb4 27. Bc4 d5
28. Nxd5 Rb7 29. Re1 Bd8 30. Re8+ Kg7 31. Rxd8 Ra7 32. Nb4 Re7 33. Rg8# 1-0

[Event "Let's play?"]
[Site "http://www.queenalice.com/game.php?id=829034"]
[Date "2010.9.7"]
[Round "-"]
[White "Branca"]
[Black "maurice91"]
[Result "0-1"]
[WhiteElo "1347"]
[BlackElo "1747"]

1. f4 c6 2. g3 d5 3. Bg2 Nf6 4. Nf3 g6 5. b3 Bg7 6. c4 Ng4 7. Nc3 dxc4 8. bxc4
O-O 9. O-O Qb6+ 10. e3 Nh6 11. Na4 Qc7 12. Bb2 Bg4 13. Bxg7 Kxg7 14. Qb1 Nd7 15.
Bh3 Bxh3 16. Rf2 f6 17. Nd4 b6 18. Rg2 Bxg2 19. Ne6+ Kf7 20. Nxc7 Rac8 21. Kxg2
Rxc7 22. c5 b5 23. Nb6 axb6 24. cxb6 Nxb6 25. Qb3+ e6 26. a4 Nxa4 27. d4 Rfc8
28. e4 Ke7 29. d5 Nc5 30. Qa3 cxd5 31. exd5 exd5 32. Re1+ Kf7 33. Qf3 Ne4 34.
Qd3 Rc2+ 35. Re2 Rxe2+ 36. Qxe2 b4 37. Qa6 Rc2+ 38. Kh3 Nf5 39. Qa7+ Ne7 40. Qb6
Rc4 41. f5 Nxf5 42. Qb7+ Ne7 43. Qb8 Ng5+ 44. Kg2 h5 45. Qh8 b3 46. h4 Rc2+ 47.
Kh1 b2 48. Qb8 Rc1+ 49. Kh2 b1=Q 50. Qxb1 Nf3+ 51. Kg2 Nxh4+ 52. gxh4 Rxb1 0-1

[Event "Challenge"]
[Site "http://www.queenalice.com/game.php?id=832318"]
[Date "2010.9.13"]
[Round "-"]
[White "Branca"]
[Black "donnybaby"]
[Result "0-1"]
[WhiteElo "1329"]
[BlackElo "1636"]

1. b4 e6 2. g3 Bxb4 3. Ba3 Bxa3 4. Nxa3 Qe7 5. Nc4 b5 6. e3 bxc4 7. Bxc4 Bb7 8.
Nf3 Bxf3 9. Qxf3 d5 10. Bb5+ c6 11. Bd3 Nd7 12. Ba6 Nc5 13. Qe2 Nxa6 14. Qxa6
Qc7 15. O-O Ne7 16. Rab1 Qc8 17. Qa4 O-O 18. e4 Qc7 19. Rfe1 Rfb8 20. Rb3 Rxb3
21. axb3 Ng6 22. exd5 Ne5 23. f4 Nf3+ 24. Kf2 Nxe1 25. Kxe1 exd5 26. c4 Re8+ 27.
Kd1 dxc4 0-1

[Event "Challenge"]
[Site "http://www.queenalice.com/game.php?id=841615"]
[Date "2010.10.4"]
[Round "-"]
[White "Branca"]
[Black "mapecole"]
[Result "0-1"]
[WhiteElo "1345"]
[BlackElo "1341"]

1. g3 e5 2. Bg2 d5 3. Nc3 d4 4. Ne4 c5 5. Nf3 f6 6. e3 dxe3 7. fxe3 c4 8. Qe2
Qd5 9. Nc3 Qf7 10. d4 exd4 11. Nxd4 Nc6 12. Nxc6 bxc6 13. Bxc6+ Bd7 14. Bxa8 g5
0-1